[Event "5.Copenhagen Open IM Politiken Cup"]
[Site "Hvidovre"]
[Date "1983.??.??"]
[Round "3"]
[White "Petersen, Finn"]
[Black "Nilsson, Nils Specht"]
[Result "1/2-1/2"]
[WhiteElo "2325"]
[BlackElo "2255"]
[PlyCount "143"]
[EventDate "1983.??.??"]
[EventType "swiss"]
[EventRounds "9"]
[EventCountry "DEN"]
[SourceDate "2004.01.01"]

1. e4 e6 2. d3 d5 3. Nd2 Nf6 4. g3 Be7 5. Bg2 O-O 6. Ngf3 Nbd7 7. e5 Ne8 8. d4
c5 9. c3 cxd4 10. cxd4 b6 11. Bf1 Nc7 12. Bd3 Ba6 13. Nb1 Bxd3 14. Qxd3 Qc8 15.
O-O Qa6 16. Qd1 Rac8 17. Nc3 Qc4 18. Ne2 Na6 19. Ne1 f6 20. exf6 Bxf6 21. b3
Qb4 22. a4 Rfe8 23. Nf4 Qxd4 24. Qxd4 Bxd4 25. Rb1 Nb4 26. Nf3 Bc5 27. Bd2 e5
28. Bxb4 exf4 29. Bd2 fxg3 30. hxg3 Ne5 31. Nxe5 Rxe5 32. b4 Bd4 33. Bf4 Re2
34. Rbd1 Rc4 35. Rd3 Rxb4 36. Rfd1 Bc5 37. Rxd5 Rxa4 38. Rf5 Rae4 39. Be3 g6
40. Rd8+ Kg7 41. Rd7+ Re7 42. Rfd5 Rxd7 43. Rxd7+ Kf6 44. Bxc5 bxc5 45. Rxh7
Re7 46. Rh8 Ke5 47. Rd8 Re6 48. Kf1 Rd6 49. Ra8 a6 50. Ke2 Kd4 51. Kd2 Kc4+ 52.
Kc2 g5 53. f4 gxf4 54. gxf4 Rf6 55. f5 Kb5 56. Rb8+ Kc6 57. Rc8+ Kb6 58. Rb8+
Kc7 59. Rh8 Rxf5 60. Rh6 Kb7 61. Kb3 Rf4 62. Rg6 Rb4+ 63. Kc3 Rb6 64. Rg7+ Kc6
65. Rg6+ Kb5 66. Rg1 Rh6 67. Rb1+ Kc6 68. Ra1 Rh3+ 69. Kc4 Rh4+ 70. Kc3 Kb5 71.
Rb1+ Rb4 72. Rh1 1/2-1/2

[Event "5.Copenhagen Open IM Politiken Cup"]
[Site "Hvidovre"]
[Date "1983.??.??"]
[Round "5"]
[White "Petersen, Finn"]
[Black "Andersen, Dan"]
[Result "1/2-1/2"]
[WhiteElo "2325"]
[BlackElo "2230"]
[PlyCount "60"]
[EventDate "1983.??.??"]
[EventType "swiss"]
[EventRounds "9"]
[EventCountry "DEN"]
[SourceDate "2004.01.01"]

1. e4 c6 2. d4 d5 3. exd5 cxd5 4. Bd3 Nc6 5. c3 Nf6 6. h3 g6 7. Bf4 Bg7 8. Nf3
O-O 9. O-O Bf5 10. Bxf5 gxf5 11. Re1 Rc8 12. Nbd2 Ne4 13. Qb3 Qd7 14. Re2 Kh8
15. Rd1 Rg8 16. Ne5 Bxe5 17. dxe5 Nc5 18. Qa3 Ne6 19. Bh2 Rg7 20. f4 d4 21. Nf3
Rcg8 22. Kh1 b6 23. Red2 Na5 24. b3 Qb7 25. cxd4 Rxg2 26. Rxg2 Qxf3 27. Rdg1
Rxg2 28. Rxg2 Qf1+ 29. Rg1 Qf3+ 30. Rg2 Qf1+ 1/2-1/2

[Event "5.Copenhagen Open IM Politiken Cup"]
[Site "Hvidovre"]
[Date "1983.??.??"]
[Round "1"]
[White "Petersen, Finn"]
[Black "Cramling, Dan"]
[Result "1/2-1/2"]
[WhiteElo "2325"]
[BlackElo "2410"]
[PlyCount "111"]
[EventDate "1983.??.??"]
[EventType "swiss"]
[EventRounds "9"]
[EventCountry "DEN"]
[SourceDate "2004.01.01"]

1. e4 c5 2. c3 g6 3. d4 cxd4 4. cxd4 d5 5. exd5 Nf6 6. Bb5+ Nbd7 7. d6 exd6 8.
Nf3 Bg7 9. Qe2+ Qe7 10. Qxe7+ Kxe7 11. O-O Nb6 12. Re1+ Be6 13. Nc3 Rac8 14.
Bg5 Kd8 15. Ne4 Ke7 16. Nc3 a6 17. Bd3 Kd7 18. Rac1 h6 19. Be3 Nfd5 20. Nxd5
Bxd5 21. b3 Rxc1 22. Rxc1 Rc8 23. Rxc8 Nxc8 24. Ne1 Ne7 25. Nc2 Be6 26. Kf1 Nf5
27. Be4 Kc7 28. Ke2 a5 29. Kd3 d5 30. Bxf5 Bxf5+ 31. Kc3 Bf8 32. Bf4+ Kc6 33.
Be3 h5 34. Bc1 b6 35. Bg5 Bd6 36. g3 Be4 37. Bc1 Kd7 38. a3 b5 39. Kb2 Ke6 40.
Ne1 Bf5 41. Bd2 Bc7 42. Kc1 Bh3 43. Kd1 Bf1 44. Nc2 f6 45. Bc3 g5 46. Be1 Bg2
47. Ke2 Be4 48. Ne3 f5 49. f3 Bb1 50. Ng2 f4 51. gxf4 gxf4 52. b4 axb4 53. axb4
Kf5 54. Bc3 Kg5 55. Bd2 h4 56. Ne1 1/2-1/2

[Event "5.Copenhagen Open IM Politiken Cup"]
[Site "Hvidovre"]
[Date "1983.??.??"]
[Round "9"]
[White "Pokojowczyk, Jerzy"]
[Black "Flear, Glenn"]
[Result "1-0"]
[WhiteElo "2335"]
[BlackElo "2380"]
[PlyCount "75"]
[EventDate "1983.??.??"]
[EventType "swiss"]
[EventRounds "9"]
[EventCountry "DEN"]
[SourceDate "2004.01.01"]

1. e4 e5 2. Nf3 Nc6 3. Bc4 Nf6 4. d3 Be7 5. O-O O-O 6. c3 d6 7. Bb3 Kh8 8. Nbd2
Ng8 9. d4 Bf6 10. Nc4 Bg4 11. d5 Nb8 12. Bc2 g6 13. Ne3 Bc8 14. Bd2 Bg7 15. Ne1
Qe8 16. a4 f5 17. exf5 gxf5 18. f4 exf4 19. Nc4 b5 20. axb5 Ne7 21. Bxf4 Bb7
22. Ne3 Qxb5 23. Ba4 Qb6 24. Kh1 Ng6 25. Bg5 f4 26. Ng4 Rf5 27. Nh6 Bxh6 28.
Bxh6 Rxd5 29. Qg4 Qxb2 30. Qe6 Nd7 31. Bxd7 Qxc3 32. Rc1 Qe5 33. Rxc7 Ba6 34.
Qxe5+ Rxe5 35. Nf3 Bxf1 36. Nxe5 dxe5 37. Be6 Rg8 38. Bg7+ 1-0

[Event "5.Copenhagen Open IM Politiken Cup"]
[Site "Hvidovre"]
[Date "1983.??.??"]
[Round "4"]
[White "Pokojowczyk, Jerzy"]
[Black "Bator, Robert"]
[Result "1-0"]
[WhiteElo "2335"]
[BlackElo "2305"]
[PlyCount "127"]
[EventDate "1983.??.??"]
[EventType "swiss"]
[EventRounds "9"]
[EventCountry "DEN"]
[SourceDate "2004.01.01"]

1. e4 c5 2. Nf3 d6 3. d4 cxd4 4. Nxd4 Nf6 5. Nc3 Nc6 6. Bg5 e6 7. Qd2 Be7 8.
O-O-O O-O 9. f4 Nxd4 10. Qxd4 Qa5 11. Bb5 e5 12. Qa4 Qxa4 13. Bxa4 Rd8 14. fxe5
dxe5 15. Nd5 Kf8 16. Nxf6 gxf6 17. Bh6+ Kg8 18. Rxd8+ Bxd8 19. Rd1 Bg4 20. Rd3
Bh5 21. g4 Bg6 22. Re3 Bb6 23. Re2 Rd8 24. Bb5 Rd6 25. Bd2 h5 26. h3 Kh7 27. c3
Bd8 28. Kc2 Be7 29. Bd3 Bf8 30. Be3 b6 31. c4 Bh6 32. Bg1 Bf4 33. b4 Kh6 34. c5
bxc5 35. bxc5 Rc6 36. Bb5 Rc7 37. c6 hxg4 38. hxg4 Kg5 39. Bc5 a6 40. Ba4 Kxg4
41. Bb6 Rc8 42. c7 Kf3 43. Kd1 Bxe4 44. Rxe4 Kxe4 45. Bc6+ Kd3 46. Bb7 Rg8 47.
Bxa6+ Kc3 48. c8=Q+ Rxc8 49. Bxc8 Kb4 50. Bb7 f5 51. Bc6 Ka3 52. Bc5+ Kb2 53.
a4 e4 54. a5 Bb8 55. a6 Kc3 56. Bd5 Kd3 57. Bxf7 e3 58. Bh5 f4 59. a7 Bxa7 60.
Bxa7 Ke4 61. Ke2 Kf5 62. Kf3 Kg5 63. Be8 Kf5 64. Bb5 1-0

[Event "5.Copenhagen Open IM Politiken Cup"]
[Site "Hvidovre"]
[Date "1983.??.??"]
[Round "6"]
[White "Pokojowczyk, Jerzy"]
[Black "Tompa, Janos"]
[Result "1-0"]
[WhiteElo "2335"]
[BlackElo "2420"]
[PlyCount "43"]
[EventDate "1983.??.??"]
[EventType "swiss"]
[EventRounds "9"]
[EventCountry "DEN"]
[SourceDate "2004.01.01"]

1. e4 c5 2. Nf3 e6 3. d4 cxd4 4. Nxd4 d6 5. c4 Nf6 6. Nc3 a6 7. Be2 Be7 8. O-O
Qc7 9. Be3 b6 10. f4 Bb7 11. f5 e5 12. Nc2 Nc6 13. Nd5 Nxd5 14. cxd5 Nb8 15.
Rc1 Nd7 16. Nd4 Nc5 17. Ne6 fxe6 18. fxe6 Rf8 19. b4 Rxf1+ 20. Qxf1 Bf6 21.
bxc5 dxc5 22. Qf5 1-0

[Event "5.Copenhagen Open IM Politiken Cup"]
[Site "Hvidovre"]
[Date "1983.??.??"]
[Round "7"]
[White "Pokojowczyk, Jerzy"]
[Black "Bednarski, Jacek"]
[Result "1/2-1/2"]
[WhiteElo "2335"]
[BlackElo "2325"]
[PlyCount "28"]
[EventDate "1983.??.??"]
[EventType "swiss"]
[EventRounds "9"]
[EventCountry "DEN"]
[SourceDate "2004.01.01"]

1. e4 c5 2. Nf3 Nc6 3. d4 cxd4 4. Nxd4 Nf6 5. Nc3 d6 6. Bg5 g6 7. Be2 Bg7 8.
Nb3 O-O 9. O-O Be6 10. Kh1 h6 11. Be3 d5 12. exd5 Nxd5 13. Nxd5 Bxd5 14. Qc1
Bxb3 1/2-1/2

[Event "5.Copenhagen Open IM Politiken Cup"]
[Site "Hvidovre"]
[Date "1983.??.??"]
[Round "2"]
[White "Pokojowczyk, Jerzy"]
[Black "Grooten, Herman"]
[Result "0-1"]
[WhiteElo "2335"]
[BlackElo "2340"]
[PlyCount "182"]
[EventDate "1983.??.??"]
[EventType "swiss"]
[EventRounds "9"]
[EventCountry "DEN"]
[SourceDate "2004.01.01"]

1. e4 c5 2. Nf3 e6 3. d4 cxd4 4. Nxd4 Nf6 5. Nc3 d6 6. g4 h6 7. h4 Be7 8. Bg2
g6 9. g5 hxg5 10. Bxg5 Nc6 11. Qd2 Nxd4 12. Qxd4 e5 13. Qd2 Bg4 14. f3 Be6 15.
O-O-O Nh5 16. Nb5 f6 17. Be3 Rc8 18. Nxd6+ Bxd6 19. Qxd6 Qxd6 20. Rxd6 Bxa2 21.
Bh3 Rc7 22. Rhd1 O-O 23. Rd7 Rfc8 24. Rd8+ Rxd8 25. Rxd8+ Kg7 26. Bxa7 Nf4 27.
Rc8 Rf7 28. Bf1 Be6 29. Rb8 f5 30. Re8 fxe4 31. fxe4 g5 32. hxg5 Bd7 33. Rb8
Bc6 34. Bc4 Rd7 35. Re8 b5 36. Bb8 bxc4 37. Bxe5+ Kf7 38. Rc8 Ne2+ 39. Kb1 Bxe4
40. Rc7 Rxc7 41. Bxc7 Nd4 42. Kc1 Nxc2 43. Kd2 Na1 44. Kc3 Bd5 45. Kb4 Kg6 46.
Ka3 Kxg5 47. Ba5 Nb3 48. Bd8+ Kf5 49. Ka2 Nd4 50. Kb1 Ke4 51. Bf6 Kd3 52. Bg7
Be4 53. Bf6 Ne6 54. Be5 Kd2+ 55. Ka2 Bc2 56. Bf6 Kc1 57. Be5 Bb1+ 58. Ka3 Kc2
59. Bf6 Kd3 60. Be5 Nd4 61. Bf6 Nc2+ 62. Ka4 Ba2 63. Bg7 Bb3+ 64. Kb5 Nd4+ 65.
Kb4 Nf5 66. Bf6 Kc2 67. Be5 Ne3 68. Bd4 Nd5+ 69. Ka3 Kd3 70. Bg7 Ke4 71. Bh6
Ke5 72. Bd2 Kd6 73. Bg5 Kc6 74. Bh6 Kb5 75. Bd2 Ne7 76. Be1 Nc6 77. Bc3 Kb6 78.
Bf6 Kc5 79. Bd4+ Kd5 80. Bg7 Ke4 81. Bf6 Kd3 82. Bg7 Nd4 83. Kb4 Nc2+ 84. Ka5
Ne3 85. Kb4 Kc2 86. Bd4 Nd1 87. Ka3 Kb1 88. Bg7 Ne3 89. Kb4 Ka2 90. Be5 Nd1 91.
Bf6 Nxb2 0-1

[Event "5.Copenhagen Open IM Politiken Cup"]
[Site "Hvidovre"]
[Date "1983.??.??"]
[Round "8"]
[White "Poulsen, Allan"]
[Black "Stigar, Petter"]
[Result "0-1"]
[WhiteElo "2340"]
[BlackElo "2270"]
[PlyCount "106"]
[EventDate "1983.??.??"]
[EventType "swiss"]
[EventRounds "9"]
[EventCountry "DEN"]
[SourceDate "2004.01.01"]

1. e4 c5 2. Nf3 e6 3. Nc3 d6 4. g3 Nf6 5. Bg2 Be7 6. O-O Nc6 7. d4 cxd4 8. Nxd4
Bd7 9. b3 a6 10. Bb2 O-O 11. Qd2 Qc7 12. Rfd1 Nxd4 13. Qxd4 Bc6 14. Rd2 b5 15.
h3 Qb7 16. Re1 Rad8 17. Rde2 Ne8 18. Nd5 exd5 19. exd5 Bf6 20. Qd3 Bd7 21. Bxf6
Nxf6 22. g4 Rde8 23. Be4 Nxe4 24. Rxe4 Rxe4 25. Qxe4 g6 26. Qd4 Re8 27. Rd1 Bc8
28. Rd3 Re5 29. c4 Qe7 30. a4 bxc4 31. bxc4 Re4 32. Qc3 Qc7 33. Qf6 Qe7 34. Qc3
Bd7 35. a5 Qe5 36. Qxe5 Rxe5 37. Rb3 Re4 38. Rb6 Rxc4 39. Rxa6 Ra4 40. Rxd6 Bb5
41. Rd8+ Kg7 42. Ra8 Kf6 43. Ra7 Rd4 44. Rb7 Rxd5 45. a6 Rd1+ 46. Kh2 Bc4 47.
Rb4 Bd5 48. Ra4 Kg5 49. f3 Kh4 50. g5+ Kxg5 51. h4+ Kf5 52. a7 Bxf3 53. Kg3 Ba8
0-1

[Event "5.Copenhagen Open IM Politiken Cup"]
[Site "Hvidovre"]
[Date "1983.??.??"]
[Round "7"]
[White "Poulsen, Allan"]
[Black "Nielsen, Jorgen"]
[Result "1-0"]
[WhiteElo "2340"]
[BlackElo "2230"]
[PlyCount "69"]
[EventDate "1983.??.??"]
[EventType "swiss"]
[EventRounds "9"]
[EventCountry "DEN"]
[SourceDate "2004.01.01"]

1. e4 e5 2. Nf3 Nc6 3. Nc3 Bc5 4. Nxe5 Nxe5 5. d4 Bd6 6. dxe5 Bxe5 7. Qd3 Qh4
8. g3 Bxc3+ 9. bxc3 Qh5 10. Be2 Qa5 11. f4 d6 12. O-O Nf6 13. Rb1 a6 14. e5
dxe5 15. fxe5 Qxe5 16. Rb4 c5 17. Rh4 Be6 18. c4 h6 19. Rhf4 Rd8 20. Qf3 O-O
21. Rh4 Nh7 22. Re4 Qc7 23. Bd3 Rd4 24. Rxd4 cxd4 25. Qe4 g6 26. Bxh6 Rd8 27.
Qh4 Rd7 28. Qe4 Qc6 29. Qe5 f6 30. Qb8+ Kf7 31. Qh8 Bh3 32. Qxh7+ Ke6 33. Re1+
Kd6 34. Bf4+ Kc5 35. Qxh3 1-0

[Event "5.Copenhagen Open IM Politiken Cup"]
[Site "Hvidovre"]
[Date "1983.??.??"]
[Round "2"]
[White "Poulsen, Allan"]
[Black "Andersen, Dan"]
[Result "1/2-1/2"]
[WhiteElo "2340"]
[BlackElo "2230"]
[PlyCount "33"]
[EventDate "1983.??.??"]
[EventType "swiss"]
[EventRounds "9"]
[EventCountry "DEN"]
[SourceDate "2004.01.01"]

1. e4 d5 2. exd5 Qxd5 3. Nc3 Qa5 4. d4 Nf6 5. Nf3 Bf5 6. Bc4 e6 7. Bd2 Bb4 8.
a3 Bxc3 9. Bxc3 Qb6 10. O-O Nbd7 11. d5 O-O 12. dxe6 Bxe6 13. Bxe6 Qxe6 14. Re1
Qd5 15. Re7 Rad8 16. Qe2 Rfe8 17. Bxf6 1/2-1/2

[Event "5.Copenhagen Open IM Politiken Cup"]
[Site "Hvidovre"]
[Date "1983.??.??"]
[Round "5"]
[White "Poulsen, Allan"]
[Black "Hartung Nielsen, Jens"]
[Result "1/2-1/2"]
[WhiteElo "2340"]
[BlackElo "2250"]
[PlyCount "80"]
[EventDate "1983.??.??"]
[EventType "swiss"]
[EventRounds "9"]
[EventCountry "DEN"]
[SourceDate "2004.01.01"]

1. e4 c5 2. Nf3 d6 3. d4 cxd4 4. Nxd4 Nf6 5. Nc3 Nc6 6. g3 g6 7. Nde2 Bg7 8.
Bg2 O-O 9. O-O Bd7 10. b3 b5 11. Bb2 Qb6 12. Nf4 Rac8 13. h3 h5 14. Re1 Rfe8
15. Ncd5 Nxd5 16. Nxd5 Qa5 17. Bxg7 Kxg7 18. f4 b4 19. Kh2 Qc5 20. Rc1 h4 21.
g4 e6 22. Ne3 Nd4 23. Qd2 f6 24. Red1 e5 25. Nd5 a5 26. c3 bxc3 27. Rxc3 Qa7
28. Rdc1 Rxc3 29. Rxc3 Rc8 30. fxe5 dxe5 31. Qf2 Qa6 32. Rxc8 Bxc8 33. Qxh4 g5
34. Qf2 Bb7 35. Bf1 Qd6 36. Bc4 Bxd5 37. Bxd5 Qc5 38. Bc4 Nxb3 39. Qc2 Nd4 40.
Qa4 Qc7 1/2-1/2

[Event "5.Copenhagen Open IM Politiken Cup"]
[Site "Hvidovre"]
[Date "1983.??.??"]
[Round "1"]
[White "Stigar, Petter"]
[Black "Flear, Glenn"]
[Result "1/2-1/2"]
[WhiteElo "2270"]
[BlackElo "2380"]
[PlyCount "32"]
[EventDate "1983.??.??"]
[EventType "swiss"]
[EventRounds "9"]
[EventCountry "DEN"]
[SourceDate "2004.01.01"]

1. d4 d5 2. Nf3 Nf6 3. c4 e6 4. Nc3 c6 5. e3 Nbd7 6. Bd3 dxc4 7. Bxc4 b5 8. Bd3
a6 9. O-O c5 10. Qe2 Bb7 11. Rd1 Qb8 12. Bc2 Bd6 13. h3 O-O 14. e4 cxd4 15.
Nxd4 Rc8 16. a3 h6 1/2-1/2

[Event "5.Copenhagen Open IM Politiken Cup"]
[Site "Hvidovre"]
[Date "1983.??.??"]
[Round "3"]
[White "Stigar, Petter"]
[Black "Niklasson, Christer"]
[Result "1/2-1/2"]
[WhiteElo "2270"]
[BlackElo "2400"]
[PlyCount "132"]
[EventDate "1983.??.??"]
[EventType "swiss"]
[EventRounds "9"]
[EventCountry "DEN"]
[SourceDate "2004.01.01"]

1. d4 f5 2. g3 Nf6 3. Bg2 g6 4. Nf3 Bg7 5. O-O O-O 6. c4 d6 7. Nc3 c6 8. d5 Bd7
9. Qb3 Qb6 10. Qxb6 axb6 11. Be3 cxd5 12. cxd5 b5 13. a3 Na6 14. Rfd1 b4 15.
axb4 Nxb4 16. Rxa8 Rxa8 17. Nd4 Ng4 18. Bg5 Kf7 19. e4 Na2 20. exf5 Bxd4 21.
Rxd4 Nxc3 22. bxc3 Ra1+ 23. Bf1 Bxf5 24. Kg2 Ra2 25. Bd2 Rb2 26. Be2 Ne5 27. h3
h5 28. Bf1 Kg7 29. Bg5 Kf7 30. Bd2 Kf6 31. Be2 Nd3 32. Bg5+ Kxg5 33. Bxd3 Rd2
34. Bc4 Rc2 35. Bd3 Rxc3 36. Bxf5 Kxf5 37. Rb4 Rc7 38. f4 Rc2+ 39. Kf3 Rc3+ 40.
Kf2 Rc5 41. Rxb7 Kf6 42. g4 Rxd5 43. Kg3 Rd3+ 44. Kh4 Rd4 45. Kg3 h4+ 46. Kxh4
Rxf4 47. Rb8 Kg7 48. Kg5 Rc4 49. h4 Rc5+ 50. Kf4 Kf6 51. Rf8+ Kg7 52. Rb8 Kf7
53. Ra8 Rc4+ 54. Kg5 Kg7 55. Rb8 Rc7 56. Ra8 Rd7 57. Rb8 Ra7 58. Rd8 Ra4 59.
Rb8 Re4 60. Rc8 d5 61. Rd8 Re5+ 62. Kf4 Kf6 63. Rf8+ Ke6 64. Rg8 Re4+ 65. Kg5
Kf7 66. Rd8 Re5+ 1/2-1/2

[Event "5.Copenhagen Open IM Politiken Cup"]
[Site "Hvidovre"]
[Date "1983.??.??"]
[Round "6"]
[White "Stigar, Petter"]
[Black "Norgaard, Jesper"]
[Result "1/2-1/2"]
[WhiteElo "2270"]
[BlackElo "2290"]
[PlyCount "49"]
[EventDate "1983.??.??"]
[EventType "swiss"]
[EventRounds "9"]
[EventCountry "DEN"]
[SourceDate "2004.01.01"]

1. d4 Nf6 2. Nf3 g6 3. c4 Bg7 4. Nc3 O-O 5. e4 d6 6. Be2 e5 7. O-O Nbd7 8. Re1
c6 9. Bf1 a5 10. Rb1 Re8 11. d5 Nc5 12. b3 Bd7 13. dxc6 Bxc6 14. Bd3 h6 15. Bc2
Qe7 16. a3 Rec8 17. b4 axb4 18. axb4 Ne6 19. Bb3 Nc7 20. Qd3 Rab8 21. b5 Bd7
22. Ba3 Bf8 23. Red1 Nce8 24. h3 Be6 25. Rdc1 1/2-1/2

[Event "5.Copenhagen Open IM Politiken Cup"]
[Site "Hvidovre"]
[Date "1983.??.??"]
[Round "4"]
[White "Stigar, Petter"]
[Black "Petersen, Finn"]
[Result "1/2-1/2"]
[WhiteElo "2270"]
[BlackElo "2325"]
[PlyCount "30"]
[EventDate "1983.??.??"]
[EventType "swiss"]
[EventRounds "9"]
[EventCountry "DEN"]
[SourceDate "2004.01.01"]

1. d4 g6 2. c4 c5 3. d5 b5 4. e4 bxc4 5. Bxc4 d6 6. Nf3 Bg7 7. O-O Nd7 8. Nc3
Ngf6 9. Rb1 O-O 10. Qe2 Nb6 11. Bb5 Bd7 12. Ba6 Na4 13. Nxa4 Bxa4 14. b3 Bd7
15. Bb2 Bg4 1/2-1/2

[Event "5.Copenhagen Open IM Politiken Cup"]
[Site "Hvidovre"]
[Date "1983.??.??"]
[Round "7"]
[White "Stigar, Petter"]
[Black "Auchenberg, Per"]
[Result "1/2-1/2"]
[WhiteElo "2270"]
[BlackElo "2240"]
[PlyCount "38"]
[EventDate "1983.??.??"]
[EventType "swiss"]
[EventRounds "9"]
[EventCountry "DEN"]
[SourceDate "2004.01.01"]

1. d4 Nf6 2. Nf3 c5 3. d5 e6 4. c4 exd5 5. cxd5 g6 6. Nc3 Bg7 7. Bg5 h6 8. Bh4
O-O 9. Nd2 d6 10. e4 Qe7 11. Be2 Nbd7 12. O-O g5 13. Bg3 Ne5 14. Re1 Ne8 15.
Nc4 Nxc4 16. Bxc4 Be5 17. Qd2 Nf6 18. Rab1 a6 19. a4 a5 1/2-1/2

[Event "5.Copenhagen Open IM Politiken Cup"]
[Site "Hvidovre"]
[Date "1983.??.??"]
[Round "9"]
[White "Tompa, Janos"]
[Black "Hodgson, Julian M"]
[Result "1-0"]
[WhiteElo "2420"]
[BlackElo "2385"]
[PlyCount "71"]
[EventDate "1983.??.??"]
[EventType "swiss"]
[EventRounds "9"]
[EventCountry "DEN"]
[SourceDate "2004.01.01"]

1. e4 c5 2. Nc3 g6 3. Nf3 Bg7 4. d4 cxd4 5. Nxd4 Nc6 6. Nb3 Nf6 7. Be2 O-O 8.
O-O a5 9. a4 Nb4 10. Bf3 d6 11. Nd4 Bg4 12. Bxg4 Nxg4 13. Ndb5 Ne5 14. Nd5 Rc8
15. c3 Na6 16. Bg5 f6 17. Bh4 Nc5 18. b4 Na6 19. Nd4 Rf7 20. f4 Nc4 21. Ne6 Qe8
22. Qe2 Qd7 23. f5 Ne5 24. Nb6 Qc6 25. Nxc8 Qxc8 26. bxa5 Nc5 27. Rab1 Nxe6 28.
fxe6 Rf8 29. Qb5 Qxe6 30. Qxb7 Qg4 31. Bg3 f5 32. a6 f4 33. a7 fxg3 34. Rxf8+
Bxf8 35. a8=Q Qe2 36. Qbc8 1-0

[Event "5.Copenhagen Open IM Politiken Cup"]
[Site "Hvidovre"]
[Date "1983.??.??"]
[Round "4"]
[White "Tompa, Janos"]
[Black "Andersen, Dan"]
[Result "1-0"]
[WhiteElo "2420"]
[BlackElo "2230"]
[PlyCount "126"]
[EventDate "1983.??.??"]
[EventType "swiss"]
[EventRounds "9"]
[EventCountry "DEN"]
[SourceDate "2004.01.01"]

1. e4 d5 2. exd5 Qxd5 3. Nc3 Qa5 4. d4 Nf6 5. Bd3 Bg4 6. f3 Bh5 7. Bd2 c6 8.
Ne4 Qb6 9. Nxf6+ gxf6 10. Ne2 Nd7 11. c3 Bg6 12. Qc2 e6 13. O-O-O O-O-O 14. Bf4
Bxd3 15. Rxd3 Qa6 16. b3 Ne5 17. Rd2 Ng6 18. Be3 Nh4 19. Ng3 Be7 20. Kb1 Qa5
21. Rhd1 Qc7 22. Nh5 f5 23. Rf1 Ng6 24. g4 f4 25. Bf2 Rd7 26. Qe4 Qa5 27. Rd3
Qc7 28. Rfd1 Rhd8 29. h3 a6 30. Be1 Qd6 31. c4 Rf8 32. Bc3 f5 33. Qe2 Bh4 34.
Qd2 Rfd8 35. Bb4 Qc7 36. Qe2 fxg4 37. hxg4 e5 38. d5 c5 39. Bc3 Qd6 40. R3d2
Re8 41. Qe4 Kb8 42. Re2 Rde7 43. Rb2 b6 44. b4 Ka7 45. Ka1 Rb8 46. bxc5 bxc5
47. Rxb8 Kxb8 48. Rb1+ Rb7 49. Ng7 Rxb1+ 50. Qxb1+ Ka7 51. Nf5 Qd8 52. Qh1 Qf6
53. Qg1 Kb6 54. Qh2 Kb7 55. Nxh4 Qxh4 56. Qxh4 Nxh4 57. Bxe5 Nxf3 58. Bxf4 Ne1
59. Kb1 Kb6 60. a3 Ng2 61. Bd2 Nh4 62. Kc2 Nf3 63. Bf4 Nd4+ 1-0

[Event "5.Copenhagen Open IM Politiken Cup"]
[Site "Hvidovre"]
[Date "1983.??.??"]
[Round "7"]
[White "Tompa, Janos"]
[Black "Bator, Robert"]
[Result "1-0"]
[WhiteElo "2420"]
[BlackElo "2305"]
[PlyCount "45"]
[EventDate "1983.??.??"]
[EventType "swiss"]
[EventRounds "9"]
[EventCountry "DEN"]
[SourceDate "2004.01.01"]

1. Nf3 Nf6 2. g3 d5 3. Bg2 Bf5 4. c4 c6 5. b3 h6 6. Bb2 e6 7. O-O Be7 8. d3 O-O
9. Nbd2 Bh7 10. Rc1 Nbd7 11. a3 a5 12. Rc2 c5 13. cxd5 exd5 14. e4 c4 15. bxc4
dxe4 16. Nxe4 Nxe4 17. dxe4 Nc5 18. Nd4 Bxe4 19. Bxe4 Nxe4 20. Nf5 Bf6 21. Qg4
Qd3 22. Bxf6 Nxf6 23. Qxg7# 1-0

[Event "5.Copenhagen Open IM Politiken Cup"]
[Site "Hvidovre"]
[Date "1983.??.??"]
[Round "3"]
[White "Tompa, Janos"]
[Black "Flear, Glenn"]
[Result "1/2-1/2"]
[WhiteElo "2420"]
[BlackElo "2380"]
[PlyCount "75"]
[EventDate "1983.??.??"]
[EventType "swiss"]
[EventRounds "9"]
[EventCountry "DEN"]
[SourceDate "2004.01.01"]

1. e4 e5 2. Nf3 Nc6 3. Bb5 a6 4. Ba4 Nf6 5. d4 exd4 6. O-O Be7 7. Re1 O-O 8. e5
Ne8 9. Bf4 b5 10. Bb3 d5 11. c3 Bg4 12. h3 Bh5 13. g4 Bg6 14. cxd4 Nb4 15. Re3
a5 16. a3 a4 17. axb4 axb3 18. Rxa8 Qxa8 19. Na3 c6 20. Qxb3 Nc7 21. Bg5 Bxg5
22. Nxg5 h6 23. Nf3 Ne6 24. Qc3 Qa4 25. Kh2 Be4 26. Qd2 Qa7 27. Nc2 Qa2 28.
Nce1 f5 29. exf6 Rxf6 30. Ne5 Nxd4 31. Qxd4 Rxf2+ 32. Kg3 Rxb2 33. N5f3 Qb1 34.
Qe5 Rxb4 35. Qe8+ Kh7 36. Ng5+ hxg5 37. Qh5+ Kg8 38. Qe8+ 1/2-1/2

[Event "5.Copenhagen Open IM Politiken Cup"]
[Site "Hvidovre"]
[Date "1983.??.??"]
[Round "5"]
[White "Welin, Thomas"]
[Black "Flear, Glenn"]
[Result "1/2-1/2"]
[WhiteElo "2330"]
[BlackElo "2380"]
[PlyCount "61"]
[EventDate "1983.??.??"]
[EventType "swiss"]
[EventRounds "9"]
[EventCountry "DEN"]
[SourceDate "2004.01.01"]

1. Nf3 d5 2. d4 Nf6 3. c4 e6 4. Nc3 c6 5. e3 Nbd7 6. Bd3 dxc4 7. Bxc4 b5 8. Bd3
Bb7 9. O-O b4 10. Ne4 Nxe4 11. Bxe4 Rc8 12. a3 bxa3 13. b3 Qb6 14. Nd2 Nf6 15.
Nc4 Qc7 16. Bf3 c5 17. Bxb7 Qxb7 18. Bxa3 Rd8 19. Qc1 cxd4 20. Bxf8 Kxf8 21.
exd4 h5 22. Ne5 Kg8 23. Nc6 Rd6 24. Nxa7 Kh7 25. Qc5 Rb6 26. Rfc1 Ra8 27. Qc7
Rxb3 28. Qxb7 Rxb7 29. Nc6 Rxa1 30. Rxa1 Nd5 31. g3 1/2-1/2

[Event "5.Copenhagen Open IM Politiken Cup"]
[Site "Hvidovre"]
[Date "1983.??.??"]
[Round "6"]
[White "Welin, Thomas"]
[Black "Hodgson, Julian M"]
[Result "1-0"]
[WhiteElo "2330"]
[BlackElo "2385"]
[PlyCount "115"]
[EventDate "1983.??.??"]
[EventType "swiss"]
[EventRounds "9"]
[EventCountry "DEN"]
[SourceDate "2004.01.01"]

1. Nf3 b5 2. d4 Bb7 3. Qd3 a6 4. e4 e6 5. Be2 Nf6 6. Nbd2 c5 7. c3 d5 8. e5
Nfd7 9. a3 Nc6 10. O-O b4 11. axb4 cxd4 12. Nxd4 Ndxe5 13. Nxc6 Nxc6 14. Nb3
Bd6 15. Be3 Qc7 16. h3 Ne5 17. Qd4 O-O 18. Nc5 Bxc5 19. Qxc5 Qxc5 20. Bxc5 Rfc8
21. Ra2 a5 22. Rfa1 axb4 23. Bxb4 f6 24. f4 Nc4 25. Rxa8 Rxa8 26. Rxa8+ Bxa8
27. b3 Nd2 28. Bd1 Ne4 29. Bc2 f5 30. Kf1 Kf7 31. Ke2 Kf6 32. Ba5 e5 33. Ke3
exf4+ 34. Kxf4 g5+ 35. Ke3 Ke6 36. Kd4 Bb7 37. Bd3 Nd2 38. Bc2 Ne4 39. Bd8 h6
40. b4 Kd7 41. Ba5 Ke6 42. b5 f4 43. Bd1 Nf6 44. Bd8 Nd7 45. Bc7 Nf6 46. Be5
Ne4 47. Bg7 Nd6 48. Kc5 d4 49. cxd4 Nxb5 50. Kxb5 Bxg2 51. Kc5 Bxh3 52. Bxh6
Kf5 53. Bc2+ Kf6 54. Be4 Bg4 55. d5 f3 56. d6 f2 57. Bd3 Bh3 58. Kc6 1-0

[Event "5.Copenhagen Open IM Politiken Cup"]
[Site "Hvidovre"]
[Date "1983.??.??"]
[Round "2"]
[White "Welin, Thomas"]
[Black "Moe, Mogens"]
[Result "1-0"]
[WhiteElo "2330"]
[BlackElo "2345"]
[PlyCount "69"]
[EventDate "1983.??.??"]
[EventType "swiss"]
[EventRounds "9"]
[EventCountry "DEN"]
[SourceDate "2004.01.01"]

1. Nf3 Nf6 2. c4 g6 3. Nc3 Bg7 4. e4 c5 5. d4 Qa5 6. Bd2 cxd4 7. Nxd4 Nc6 8.
Nb3 Qc7 9. Be2 O-O 10. Rc1 d6 11. O-O Be6 12. Bg5 Ne8 13. Qd2 f5 14. Nd5 Qd7
15. exf5 gxf5 16. Bh6 Ne5 17. Nd4 Kh8 18. Nxe6 Qxe6 19. Bxg7+ Nxg7 20. f4 Nc6
21. Nc7 Qg6 22. Nxa8 Rxa8 23. Bf3 Rd8 24. b4 Rd7 25. Rfe1 e6 26. b5 Nb8 27. Qd4
b6 28. Bc6 Rd8 29. Rc3 h6 30. Rg3 Qf7 31. Rxe6 Kh7 32. Bd5 Qf8 33. Rf6 Qe7 34.
Rxg7+ Qxg7 35. Rf7 1-0